header

Implementing Linux with IBM disk storage (Record no. 105995)

MARC details
000 -LEADER
fixed length control field 01337nam a22003614a 4500
082 04 - DEWEY DECIMAL CLASSIFICATION NUMBER
Classification number 005.74
245 00 - TITLE STATEMENT
Title Implementing Linux with IBM disk storage
250 ## - EDITION STATEMENT
Edition statement 2nd ed.
260 ## - PUBLICATION, DISTRIBUTION, ETC. (IMPRINT)
Place of publication [San Jose, Calif.] :
Name of publisher IBM International Technical Support Organization,
Year of publication 2003.
300 ## - PHYSICAL DESCRIPTION
Number of Pages xx, 282 p. :
Other physical details ill.
490 1# - SERIES STATEMENT
Series statement Redbooks
500 ## - GENERAL NOTE
General note "June 2003."
General note "SG24-6261-01."
650 #0 - SUBJECT ADDED ENTRY--TOPICAL TERM
Topical Term IBM computers.
Topical Term Computer storage devices.
700 1# - ADDED ENTRY--PERSONAL NAME
Personal name Dufrasne, Bertrand.
856 40 - ELECTRONIC LOCATION AND ACCESS
Uniform Resource Identifier http://site.ebrary.com/lib/rucke/Doc?id=10112268

No items available.

© 2026 Rongo University
Contact us: librarian | system librarian | Rongo university